000
00367nam a2200145Ia 4500
008
090124s9999 xx 000 0 und d
082
_b
201902
245
_a
आग
250
_a
1
260
_b
भावे पु. भा. (पुरुषोत्तम भास्कर)
_c
1961
300
_a
156
630
_a
आग
730
_a
आग
942
_c
BOOK
999
_c
183483
_d
183483